| 000 | 00848cam a22002773a 4500 | ||
|---|---|---|---|
| 001 | 266 | ||
| 003 | PGUSA | ||
| 005 | 20140828082946.0 | ||
| 008 | 080703s2008||||xxu|||||s|||||000 p eng d | ||
| 040 |
_aPGUSA _beng |
||
| 042 | _adc | ||
| 050 | 4 | _aPR | |
| 100 | 1 |
_aGower, John, _d-1408 |
|
| 245 | 1 | 0 |
_aConfessio Amantis; Or, Tales of the Seven Deadly Sins _h[electronic resource] / _cJohn Gower |
| 260 |
_bProject Gutenberg, _c2008 |
||
| 506 | _aPublic domain in the USA. | ||
| 516 | _aElectronic text | ||
| 653 | _aChristian ethics -- Poetry | ||
| 653 | _aLove poetry, English (Middle) | ||
| 653 | _aChristian poetry, English (Middle) | ||
| 653 | _aCourtly love -- Poetry | ||
| 700 | 1 |
_aMacaulay, G. C. _q(George Campbell), _d1852-1915 |
|
| 830 | 0 |
_aProject Gutenberg _v266 |
|
| 856 | 4 | 0 | _uhttp://www.gutenberg.org/ebooks/266 |
| 942 | _cEB | ||
| 999 |
_c229619 _d229619 |
||